000 00430nam a2200121Ia 4500
008 231221s9999 xx 000 0 und d
041 _aEnglish
082 _aQPECPG08-1881
245 0 _aAdvanced Computer Networks [e resource : question paper] : MTech degree exam, May/Jun 2008 (05EC004)
260 _c2008/06
_bVTU
_aBangalore
650 _aAdvanced,computer,networks,[e,:,paper],:,MTech,exam,,May/Jun,08,(05EC004)
942 _cDL
999 _c205754
_d205754